Типология концептуальных моделей в философии культуры; Известия Томского политехнического университета [Известия ТПУ]; Т. 307, № 1

Detaylı Bibliyografya
Parent link:Известия Томского политехнического университета [Известия ТПУ]/ Томский политехнический университет (ТПУ).— , 2000-
Т. 307, № 1.— 2004.— [С. 170-173]
Yazar: Кокаревич М. Н.
Özet:Заглавие с титульного листа
Электронная версия печатной публикации
В содержательном аспекте типология представляет собой построение идеальной модели признаков. Можно говорить о завершенных типах, представленных отдельными понятиями, концептами. Типология как упорядочивающая процедура в большей степени означает конструирование незавершенных типов, представленных рядом признаков. Существенные свойства образуют некоторое инвариантное "ядро", несущественные - "оболочку" признаков, которые варьируются в определенных границах, допускаемых ядром. Например, для ряда концептуальных моделей 0. Шпенглера, А. Кребера, П. Сорокина и ряда других существенным, необходимым признаком культуры будет являться качественное своеобразие ее ценностного основания. Несущественным, достаточным свойством является умирание, конец культуры, поскольку обязательность умирания, окончание всякой культуры, провозглашенное О. Шпенглером, оказывается возможностью, реализующейся не во всякой культуре.
Dil:Rusça
Baskı/Yayın Bilgisi: 2004
Seri Bilgileri:Социально-экономические и гуманитарные науки
Konular:
Online Erişim:http://www.lib.tpu.ru/fulltext/v/Bulletin_TPU/2004/v307/i1/35.pdf
Materyal Türü: MixedMaterials Elektronik Kitap Bölümü
KOHA link:https://koha.lib.tpu.ru/cgi-bin/koha/opac-detail.pl?biblionumber=168688

MARC

LEADER 00000nla2a2200000 4500
001 168688
005 20231101222756.0
035 |a (RuTPU)RU\TPU\book\183006 
035 |a RU\TPU\book\183003 
090 |a 168688 
100 |a 20091030d2004 k y0rusy50 ca 
101 0 |a rus 
102 |a RU 
135 |a drnn ---uucaa 
181 0 |a i  
182 0 |a b 
200 1 |a Типология концептуальных моделей в философии культуры  |b Электронный ресурс  |f М. Н. Кокаревич 
203 |a Текст  |c электронный 
215 |a 1 файл (481 Кб) 
225 1 |a Социально-экономические и гуманитарные науки 
230 |a Электронные текстовые данные (1 файл : 481 Кб) 
300 |a Заглавие с титульного листа 
300 |a Электронная версия печатной публикации 
320 |a [Библиогр.: с. 173 (7 назв.)] 
330 |a В содержательном аспекте типология представляет собой построение идеальной модели признаков. Можно говорить о завершенных типах, представленных отдельными понятиями, концептами. Типология как упорядочивающая процедура в большей степени означает конструирование незавершенных типов, представленных рядом признаков. Существенные свойства образуют некоторое инвариантное "ядро", несущественные - "оболочку" признаков, которые варьируются в определенных границах, допускаемых ядром. Например, для ряда концептуальных моделей 0. Шпенглера, А. Кребера, П. Сорокина и ряда других существенным, необходимым признаком культуры будет являться качественное своеобразие ее ценностного основания. Несущественным, достаточным свойством является умирание, конец культуры, поскольку обязательность умирания, окончание всякой культуры, провозглашенное О. Шпенглером, оказывается возможностью, реализующейся не во всякой культуре. 
337 |a Adobe Reader 
461 1 |0 (RuTPU)RU\TPU\book\176237  |t Известия Томского политехнического университета [Известия ТПУ]  |f Томский политехнический университет (ТПУ)  |d 2000- 
463 1 |0 (RuTPU)RU\TPU\book\182748  |t Т. 307, № 1  |v [С. 170-173]  |d 2004  |p 203 с. 
600 1 |a Шпенглер  |g Освальд  |c немецкий философ, историк, представитель философии жизни  |f 1880-1936  |b О.  |2 stltpush  |3 (RuTPU)RU\TPU\pers\361 
600 1 |a Крёбер  |b А. Л.  |c американский этнограф  |c теоретик истории культуры  |f 1876-1960  |g Альфред Луис  |2 stltpush  |3 (RuTPU)RU\TPU\pers\18938  |9 7135 
600 1 |a Сорокин  |g Питирим Александрович  |f 1889-1968  |c американский социолог российского происхождения  |b П. А.  |2 stltpush  |3 (RuTPU)RU\TPU\pers\1155 
610 1 |a типология 
610 1 |a философия 
610 1 |a содержательные аспекты 
610 1 |a идеальные модели 
610 1 |a признаки 
610 1 |a типы 
610 1 |a понятия 
610 1 |a концепты 
610 1 |a процедуры 
610 1 |a конструирование 
610 1 |a незавершенные типы 
610 1 |a завершенные типы 
610 1 |a свойства 
610 1 |a инвариантное ядро 
610 1 |a оболочки 
610 1 |a границы 
610 1 |a концептуальные модели 
610 1 |a культура 
610 1 |a ценностное основание 
610 1 |a электронный ресурс 
700 1 |a Кокаревич  |b М. Н. 
801 1 |a RU  |b 63413507  |c 20090623  |g PSBO 
801 2 |a RU  |b 63413507  |c 20210601  |g PSBO 
856 4 |u http://www.lib.tpu.ru/fulltext/v/Bulletin_TPU/2004/v307/i1/35.pdf 
942 |c CF